000 01177nam a22003617a 4500
003 CHAP
005 20220329135008.0
008 971013s1974 r 00010 d
010 _a29226
011 _a30198
035 _a34310
040 _cCHAP
082 _a634.9618
_bK6
100 0 0 _aKozlowski, Theodore Thomas.
_963831
245 _aFire and ecosystems
260 _aNew York :
_bAcademic Press,
_c1974
300 _a542 p.
_b: ilus.
490 _aPhysiological ecology
590 _aBATCH-UPD
_b10
_c20130110
_lUCH01
_h0009
590 _aBATCH-UPD
_b10
_c20130110
_lUCH01
_h1655
590 _aBATCH-UPD
_b10
_c20130410
_lUCH01
_h1044
590 _aBATCH-UPD
_b10
_c20130913
_lUCH01
_h2320
590 _aCONVERSION
_b10
_c20130109
_lUCH01
_h1317
650 1 4 _aÁrboles
_xDanos por el fuego.
_96588
650 1 4 _aBosques
_xIncendios.
_914211
650 1 4 _aEcología forestal.
_935176
700 0 _aAhlgren, Gilbert Harold.
_93090
830 0 _aPhysiological ecology
_987897
901 _aBK
942 _cLIBRO
949 _a634.9618 K6
_bBC
_cLIBRO
_d33724000236287
_eLIBRO
_h52715
_i34310
_si
949 _a634.9618 K6
_bBC
_cLIBRO
_d33724000236295
_eLIBRO
_fc.2
_h52716
_i34310
_si
999 _c29226
_d29226